[Event "COL-ch U20"]
[Site "Cali"]
[Date "2024.03.02"]
[Round "6"]
[White "Loaiza Cuervo, Santiago"]
[Black "Lopez Rayo, Santiago"]
[Result "0-1"]
[WhiteElo "2039"]
[BlackElo "2317"]
[PlyCount "72"]
[EventDate "2024.02.28"]
[EventType "swiss"]
[EventRounds "9"]
[EventCountry "COL"]
[SourceTitle "CB11_2024"]
[SourceDate "2024.03.13"]
[SourceVersion "1"]
[SourceVersionDate "2024.03.13"]
[SourceQuality "1"]

1. e4 e5 2. Nf3 Nc6 3. Bc4 Nf6 4. d3 Bc5 5. Be3 Be7 6. Nc3 d6 7. a4 0-0 8. h3 Be6 9. Bg5 Nb4 10. 0-0 h6 11. Bxf6 Bxf6 12. Re1 c6 13. Bxe6 fxe6 14. Ne2 c5 15. c3 Nc6 16. Qb3 Qd7 17. Ng3 Kh7 18. a5 g6 19. Qa4 Bg7 20. Rad1 Rab8 21. Ne2 Rf7 22. d4 exd4 23. cxd4 cxd4 24. Nh2 b5 25. axb6 Rxb6 26. b3 Qb7 27. Nf3 Rb4 28. Qa2 Qb6 29. Nc1 Rb5 30. Nd3 Rxb3 31. Nc1 Rbxf3 32. gxf3 Ne5 33. Qxe6 Rxf3 34. Kg2 d3 35. Rd2 Qd8 36. Qxe5 Bxe5 0-1

[Event "COL-ch U20"]
[Site "Cali"]
[Date "2024.03.01"]
[Round "4"]
[White "Munoz Triana, Joseph Steve"]
[Black "Lopez Rayo, Santiago"]
[Result "1/2-1/2"]
[WhiteElo "2118"]
[BlackElo "2317"]
[PlyCount "50"]
[EventDate "2024.02.28"]
[EventType "swiss"]
[EventRounds "9"]
[EventCountry "COL"]
[SourceTitle "CB11_2024"]
[SourceDate "2024.03.13"]
[SourceVersion "1"]
[SourceVersionDate "2024.03.13"]
[SourceQuality "1"]

1. e4 e5 2. Nf3 Nc6 3. d4 exd4 4. Nxd4 Nf6 5. Nxc6 bxc6 6. e5 Qe7 7. Qe2 Nd5 8. c4 Nb6 9. b3 a5 10. Ba3 d6 11. exd6 cxd6 12. Nc3 a4 13. Ne4 axb3 14. axb3 Qe5 15. Nc3 Be6 16. Qxe5 dxe5 17. Bb2 Rxa1+ 18. Bxa1 Nd7 19. Bd3 f5 20. f3 Be7 21. Na4 0-0 22. Ke2 Ra8 23. Bc2 g6 24. Bc3 Kf7 25. Rd1 h5 1/2-1/2

[Event "COL-chT"]
[Site "Risaralda"]
[Date "2023.11.21"]
[Round "4.4"]
[White "Lopez Rayo, Santiago"]
[Black "Barrientos Chavarriaga, Sergio E"]
[Result "1-0"]
[WhiteElo "2301"]
[BlackElo "2449"]
[PlyCount "73"]
[EventDate "2023.11.19"]
[EventType "team-swiss"]
[EventRounds "7"]
[EventCountry "COL"]
[SourceTitle "CB49_2023"]
[SourceDate "2023.12.06"]
[SourceVersion "1"]
[SourceVersionDate "2023.12.06"]
[SourceQuality "1"]
[WhiteTeam "Valle"]
[BlackTeam "Risaralda"]
[WhiteTeamCountry "COL"]
[BlackTeamCountry "COL"]

1. e4 c5 2. Nf3 e6 3. d4 cxd4 4. Nxd4 a6 5. Nc3 Nc6 6. Be3 Qc7 7. Qf3 Nf6 8. 0-0-0 Bb4 9. Nde2 0-0 10. g4 d5 11. exd5 Nxd5 12. Nxd5 exd5 13. Bf4 Qb6 14. Be3 Qc7 15. Bf4 Qb6 16. a3 Bc5 17. Nc3 Nd4 18. Qg3 Qg6 19. Bd3 Qxg4 20. b4 Be7 21. Nxd5 Bh4 22. Qe3 Nf5 23. Qe4 Qh5 24. Rhg1 f6 25. Ne7+ Nxe7 26. Qxe7 Bg4 27. f3 f5 28. Qe6+ Kh8 29. fxg4 fxg4 30. Be3 Bf6 31. Qxg4 Qe5 32. Qh3 h5 33. Rg5 Qb2+ 34. Kd2 Qc3+ 35. Ke2 Bxg5 36. Qxh5+ Bh6 37. Bxh6 1-0

[Event "Wch U20 60th"]
[Site "Mexico City"]
[Date "2023.09.29"]
[Round "8"]
[White "Galaviz Medina, Sion Radamantys"]
[Black "Lopez Rayo, Santiago"]
[Result "1-0"]
[WhiteElo "2462"]
[BlackElo "2295"]
[PlyCount "95"]
[EventDate "2023.09.21"]
[EventType "swiss"]
[EventRounds "11"]
[EventCountry "MEX"]
[SourceTitle "EXT 2024"]
[Source "ChessBase"]
[SourceDate "2023.10.10"]
[SourceVersion "1"]
[SourceVersionDate "2023.10.10"]
[SourceQuality "1"]

1. d4 Nf6 2. c4 g6 3. Nc3 Bg7 4. e4 d6 5. Be2 0-0 6. Be3 Na6 7. Nf3 e5 8. d5 Ng4 9. Bg5 f6 10. Bh4 g5 11. Bg3 Nh6 12. h4 g4 13. Nd2 Qe7 14. f3 f5 15. a3 gxf3 16. gxf3 fxe4 17. fxe4 Nc5 18. b4 Nd7 19. Nf1 a5 20. Ne3 Kh8 21. Kd2 Nf6 22. Kd3 c6 23. h5 Qc7 24. Rg1 b5 25. Bh4 bxc4+ 26. Kc2 Bd7 27. Qd2 axb4 28. axb4 Rxa1 29. Rxa1 Nfg4 30. dxc6 Nxe3+ 31. Qxe3 Qxc6 32. Rg1 Nf5 33. exf5 Bxf5+ 34. Kd2 d5 35. Rxg7 Kxg7 36. Qxe5+ Kg8 37. Nxd5 Qh6+ 38. Kd1 Be6 39. Ne7+ Kf7 40. Nf5 Bxf5 41. Qxf5+ Kg8 42. Bxc4+ Kh8 43. Qe5+ Qg7 44. Bg3 h6 45. b5 Rc8 46. Qxg7+ Kxg7 47. Be5+ Kf8 48. b6 1-0

[Event "Wch U20 60th"]
[Site "Mexico City"]
[Date "2023.09.25"]
[Round "5"]
[White "Lopez Rayo, Santiago"]
[Black "Varela Velazquez, Carlos Francisco"]
[Result "1-0"]
[WhiteElo "2295"]
[BlackElo "1943"]
[PlyCount "77"]
[EventDate "2023.09.21"]
[EventType "swiss"]
[EventRounds "11"]
[EventCountry "MEX"]
[SourceTitle "EXT 2024"]
[Source "ChessBase"]
[SourceDate "2023.10.10"]
[SourceVersion "1"]
[SourceVersionDate "2023.10.10"]
[SourceQuality "1"]

1. e4 e5 2. Nf3 Nc6 3. Bb5 a6 4. Ba4 Nf6 5. 0-0 Be7 6. Re1 b5 7. Bb3 0-0 8. d4 d6 9. c3 Bb7 10. Nbd2 h6 11. Nf1 Re8 12. Ng3 Bf8 13. a4 Na5 14. Bc2 Nc6 15. Bd3 exd4 16. cxd4 Nb4 17. Bb1 d5 18. e5 Ne4 19. Be3 c5 20. dxc5 Nxc5 21. axb5 d4 22. Bxd4 Ne6 23. Bc3 axb5 24. Rxa8 Qxa8 25. Nh4 Rd8 26. Qg4 Nd3 27. Ngf5 Ng5 28. Rd1 b4 29. Bd4 Nxe5 30. Bxe5 Nf3+ 31. gxf3 Rxd1+ 32. Kg2 Rxb1 33. Nxh6+ Kh8 34. Nxf7+ Kg8 35. Ng5 Qe8 36. Qc4+ Kh8 37. Qc2 Qh5 38. Ng6+ Kg8 39. Qc4+ 1-0

[Event "Kavala op 32nd"]
[Site "Kavala"]
[Date "2023.07.31"]
[Round "5"]
[White "Lopez Rayo, Santiago"]
[Black "Cuenca Jimenez, Jose Fernando"]
[Result "0-1"]
[WhiteElo "2299"]
[BlackElo "2529"]
[PlyCount "116"]
[EventDate "2023.07.28"]
[EventType "swiss"]
[EventRounds "9"]
[EventCountry "GRE"]
[SourceTitle "CBM 215 Extra"]
[Source "ChessBase"]
[SourceDate "2023.09.30"]
[SourceVersion "1"]
[SourceVersionDate "2023.09.30"]
[SourceQuality "1"]

1. e4 e5 2. Nf3 Nc6 3. Bb5 a6 4. Ba4 Nf6 5. 0-0 Be7 6. Re1 b5 7. Bb3 d6 8. c3 0-0 9. h3 Nb8 10. d4 Nbd7 11. Nbd2 Bb7 12. Bc2 c5 13. b3 cxd4 14. cxd4 exd4 15. Nxd4 Re8 16. Bb2 Bf8 17. f4 g6 18. Qf3 Bg7 19. b4 Qb6 20. Qf2 Re7 21. a4 bxa4 22. Bxa4 Rc8 23. Rab1 Qxb4 24. Nf5 gxf5 25. Bxf6 Qxa4 26. Bxe7 Bd4 27. Re3 Rc3 28. Nf1 Bxe3 29. Nxe3 Qxe4 30. Re1 Qd4 31. Kh2 Be4 32. Qg3+ Qg7 33. Qf2 d5 34. Bb4 Rc8 35. Ba3 Rb8 36. Rd1 d4 37. Nc4 d3 38. Bb2 f6 39. Ra1 Rc8 40. Ne3 Rc6 41. Bd4 h6 42. Rg1 Kh7 43. g4 fxg4 44. Rxg4 Qe7 45. Rg1 Rc8 46. Qa2 a5 47. Nd5 Qf8 48. Nc3 Bg6 49. Qg2 Qf7 50. Re1 Bf5 51. Qf3 Re8 52. Rg1 a4 53. Ra1 Rb8 54. Rxa4 Rb2+ 55. Kh1 Qe6 56. Ra1 Rc2 57. Kg1 Qc4 58. Qe3 Qg8+ 0-1

[Event "Belgrade Serbia op"]
[Site "Belgrade"]
[Date "2023.07.18"]
[Round "3"]
[White "Lopez Rayo, Santiago"]
[Black "Stankovic, Boris"]
[Result "0-1"]
[WhiteElo "2336"]
[BlackElo "2221"]
[PlyCount "120"]
[EventDate "2023.07.16"]
[EventType "swiss"]
[EventRounds "9"]
[EventCountry "SRB"]
[SourceTitle "CBM 215 Extra"]
[Source "ChessBase"]
[SourceDate "2023.09.30"]
[SourceVersion "1"]
[SourceVersionDate "2023.09.30"]
[SourceQuality "1"]

1. e4 c5 2. Nf3 d6 3. d4 cxd4 4. Nxd4 Nf6 5. Nc3 g6 6. Be3 Nc6 7. f3 h5 8. Qd2 Nxd4 9. Bxd4 Bh6 10. Qf2 0-0 11. Bxa7 Qa5 12. Be3 Bxe3 13. Qxe3 d5 14. 0-0-0 dxe4 15. Bc4 Bf5 16. fxe4 Qe5 17. Rhe1 Be6 18. Nd5 Bxd5 19. exd5 Qxh2 20. g3 Rfc8 21. Rd2 Qh3 22. Bb3 Kg7 23. Rf2 Ra6 24. Qf4 Qd7 25. Qe5 Rc7 26. Ref1 Kg8 27. Qd4 Rd6 28. Kb1 b6 29. c4 Qg4 30. Qxg4 Nxg4 31. Re2 f6 32. Bc2 Kg7 33. b3 Ne5 34. Kb2 Rd8 35. a4 Rh8 36. Ra1 h4 37. gxh4 Rxh4 38. Rd2 g5 39. Bf5 Rf4 40. Be6 g4 41. Rh1 Nf3 42. Rf2 f5 43. Rh5 Kf6 44. Rh8 Ke5 45. Re2+ Re4 46. Rxe4+ Kxe4 47. Rg8 Kf4 48. Rg7 Ng5 49. d6 exd6 50. Rxc7 Nxe6 51. Rh7 g3 52. Rh1 g2 53. Rd1 Kg3 54. b4 f4 55. a5 bxa5 56. b5 Nc5 57. b6 f3 58. Kc2 f2 59. Rd3+ Nxd3 60. b7 Nb4+ 0-1

[Event "Cali Valle Colombia op-A"]
[Site "Cali Valle Colombia"]
[Date "2022.12.27"]
[Round "3"]
[White "Paredes Lagos, Anthony Javier"]
[Black "Lopez Rayo, Santiago"]
[Result "1/2-1/2"]
[WhiteElo "2217"]
[BlackElo "2306"]
[PlyCount "49"]
[EventDate "2022.12.26"]
[EventType "swiss"]
[EventRounds "9"]
[EventCountry "COL"]
[SourceTitle "CBM 211 Extra"]
[Source "ChessBase"]
[SourceDate "2023.01.31"]
[SourceVersion "1"]
[SourceVersionDate "2023.01.31"]
[SourceQuality "1"]

1. d4 Nf6 2. Nf3 g6 3. g3 Bg7 4. Bg2 0-0 5. 0-0 d6 6. a4 a5 7. Bf4 Nbd7 8. Nc3 Nh5 9. Be3 e5 10. dxe5 dxe5 11. Qd5 c6 12. Qd6 Re8 13. Rad1 Bf8 14. Qd3 Qe7 15. Ne4 Nf4 16. Qd2 Nd5 17. Bg5 Qb4 18. Ne1 Qxd2 19. Bxd2 f5 20. Nc3 Nb4 21. e4 Nc5 22. Be3 Be6 23. Nd3 Ncxd3 24. cxd3 Bb3 25. Rd2 1/2-1/2

[Event "Palmira Fortalece Sede"]
[Site "Palmira"]
[Date "2022.12.18"]
[Round "10"]
[White "Lopez Rayo, Santiago"]
[Black "Campos Gomez, Manuel"]
[Result "1/2-1/2"]
[WhiteElo "2306"]
[BlackElo "2331"]
[PlyCount "30"]
[EventDate "2022.12.13"]
[EventType "swiss"]
[EventRounds "10"]
[EventCountry "COL"]
[SourceTitle "CBM 211 Extra"]
[Source "ChessBase"]
[SourceDate "2023.01.31"]
[SourceVersion "1"]
[SourceVersionDate "2023.01.31"]
[SourceQuality "1"]

1. e4 Nf6 2. e5 Nd5 3. d4 d6 4. Nf3 g6 5. Bc4 Nb6 6. Bb3 Bg7 7. a4 dxe5 8. a5 N6d7 9. Bxf7+ Kxf7 10. Ng5+ Kg8 11. Ne6 Qe8 12. Nxc7 Qd8 13. Ne6 Qe8 14. Nc7 Qd8 15. Ne6 Qe8 1/2-1/2

[Event "Palmira Fortalece Sede"]
[Site "Palmira"]
[Date "2022.12.17"]
[Round "9"]
[White "Avila Pavas, Santiago"]
[Black "Lopez Rayo, Santiago"]
[Result "1-0"]
[WhiteElo "2472"]
[BlackElo "2306"]
[PlyCount "69"]
[EventDate "2022.12.13"]
[EventType "swiss"]
[EventRounds "10"]
[EventCountry "COL"]
[SourceTitle "CBM 211 Extra"]
[Source "ChessBase"]
[SourceDate "2023.01.31"]
[SourceVersion "1"]
[SourceVersionDate "2023.01.31"]
[SourceQuality "1"]

1. d4 Nf6 2. Nf3 g6 3. g3 Bg7 4. Bg2 0-0 5. 0-0 d6 6. c4 Nbd7 7. Nc3 e5 8. e4 exd4 9. Nxd4 Re8 10. h3 c6 11. Be3 Nc5 12. Qc2 Qe7 13. Rfe1 Bd7 14. Rad1 Nfxe4 15. Bf4 f5 16. Nxe4 Nxe4 17. f3 g5 18. Be3 Nxg3 19. Bf2 Qxe1+ 20. Rxe1 Rxe1+ 21. Bxe1 Bxd4+ 22. Kh2 f4 23. Bc3 Nf5 24. c5 d5 25. Bxd4 Nxd4 26. Qc3 Ne6 27. Qe5 Rf8 28. b4 h6 29. Bf1 a6 30. Bd3 Kf7 31. Kg2 Kg8 32. Bg6 Bc8 33. Kf2 Ng7 34. Qe7 Bxh3 35. Bh7+ 1-0

[Event "Palmira Fortalece Sede"]
[Site "Palmira"]
[Date "2022.12.17"]
[Round "8"]
[White "Lopez Rayo, Santiago"]
[Black "Argote Heredia, Valentina"]
[Result "1-0"]
[WhiteElo "2306"]
[BlackElo "2165"]
[PlyCount "61"]
[EventDate "2022.12.13"]
[EventType "swiss"]
[EventRounds "10"]
[EventCountry "COL"]
[SourceTitle "CBM 211 Extra"]
[Source "ChessBase"]
[SourceDate "2023.01.31"]
[SourceVersion "1"]
[SourceVersionDate "2023.01.31"]
[SourceQuality "1"]

1. e4 c5 2. Nf3 e6 3. d4 cxd4 4. Nxd4 a6 5. Nc3 b5 6. Bd3 Bb7 7. 0-0 Nc6 8. Nxc6 Bxc6 9. Re1 d6 10. a4 Rb8 11. axb5 axb5 12. b4 Be7 13. Qe2 Bf6 14. Bd2 Ne7 15. Ra5 0-0 16. Nxb5 Bxb5 17. Bxb5 Qc7 18. c4 Rfc8 19. Qd3 Nc6 20. Bxc6 Qxc6 21. Rc1 Bd8 22. Raa1 Bf6 23. b5 Qb7 24. Rab1 Ra8 25. Be3 Ra4 26. f3 Be5 27. c5 dxc5 28. Rxc5 Qb8 29. Rxc8+ Qxc8 30. f4 Bb8 31. Rd1 1-0

[Event "Jamundi Fortalece Sede op"]
[Site "Jamundi"]
[Date "2022.12.07"]
[Round "4"]
[White "Lopez Rayo, Santiago"]
[Black "Londono Lopez, Donaldo Eliuver"]
[Result "1-0"]
[WhiteElo "2306"]
[BlackElo "2057"]
[PlyCount "53"]
[EventDate "2022.12.05"]
[EventType "swiss"]
[EventRounds "10"]
[EventCountry "COL"]
[SourceTitle "CBM 211 Extra"]
[Source "ChessBase"]
[SourceDate "2023.01.31"]
[SourceVersion "1"]
[SourceVersionDate "2023.01.31"]
[SourceQuality "1"]

1. e4 c5 2. Nf3 d6 3. d4 cxd4 4. Nxd4 Nf6 5. Nc3 a6 6. Bg5 e6 7. f4 Nc6 8. Nxc6 bxc6 9. e5 h6 10. Bh4 g5 11. fxg5 Nd5 12. Ne4 Qb6 13. Bd3 hxg5 14. Bxg5 Qxb2 15. 0-0 Qxe5 16. h3 f5 17. Qf3 Ra7 18. Nf6+ Nxf6 19. Qxc6+ Bd7 20. Qb6 Ra8 21. Rae1 Nd5 22. Qb7 Qd4+ 23. Kh1 Rc8 24. Bxf5 Be7 25. Bxe6 Bxe6 26. Rxe6 Rc7 27. Qxc7 1-0

[Event "Sabaneta op-A 1st"]
[Site "Sabaneta"]
[Date "2022.11.29"]
[Round "7"]
[White "Lopez Rayo, Santiago"]
[Black "Arenas Vanegas, David"]
[Result "0-1"]
[WhiteElo "2300"]
[BlackElo "2431"]
[PlyCount "58"]
[EventDate "2022.11.25"]
[EventType "swiss"]
[EventRounds "10"]
[EventCountry "COL"]
[SourceTitle "CBM 211 Extra"]
[Source "ChessBase"]
[SourceDate "2023.01.31"]
[SourceVersion "1"]
[SourceVersionDate "2023.01.31"]
[SourceQuality "1"]

1. e4 e5 2. Nf3 Nc6 3. Bb5 Bc5 4. c3 Bb6 5. 0-0 Nf6 6. Re1 d6 7. d4 0-0 8. h3 Bd7 9. Bf1 Re8 10. d5 Ne7 11. Na3 a5 12. Nc4 Bc5 13. Qc2 c6 14. dxc6 Bxc6 15. Bg5 Ng6 16. Rad1 h6 17. Bc1 b5 18. Ncd2 Qc7 19. c4 b4 20. Nb3 Ba7 21. c5 a4 22. cxd6 axb3 23. Qxb3 Qb7 24. Bc4 Ba4 25. Bd5 Bxb3 26. Bxb7 Bxd1 27. Bxa8 Bxf3 28. Bc6 Rd8 29. gxf3 Nh4 0-1

[Event "COL-chT Blitz"]
[Site "Santa Marta"]
[Date "2022.11.07"]
[Round "6.4"]
[White "Lopez Rayo, Santiago"]
[Black "Zuluaga Mancilla, Cesar"]
[Result "1-0"]
[WhiteElo "2166"]
[BlackElo "2210"]
[PlyCount "101"]
[EventDate "2022.11.07"]
[EventType "team-swiss"]
[EventRounds "9"]
[EventCountry "COL"]
[SourceTitle "CBM 211 Extra"]
[Source "ChessBase"]
[SourceDate "2023.01.31"]
[SourceVersion "1"]
[SourceVersionDate "2023.01.31"]
[SourceQuality "1"]
[WhiteTeam "Valle"]
[BlackTeam "Caldas"]
[WhiteTeamCountry "COL"]
[BlackTeamCountry "COL"]

1. e4 c5 2. Nf3 a6 3. d4 cxd4 4. Nxd4 Nf6 5. Bd3 e5 6. Nf3 d6 7. 0-0 Be7 8. c4 h6 9. Nc3 Be6 10. b3 Nbd7 11. Bb2 0-0 12. Qd2 Re8 13. Rfd1 Bf8 14. h3 Rc8 15. Rac1 Qa5 16. Bb1 Rb8 17. a3 Rec8 18. b4 Qd8 19. Nd5 Bxd5 20. exd5 b6 21. Qe3 a5 22. Nd2 g6 23. f4 exf4 24. Qxf4 Ne5 25. Nf3 Nh5 26. Qe4 Nxf3+ 27. Qxf3 axb4 28. axb4 Qg5 29. Rf1 Rc7 30. Bd4 Bg7 31. Bxg7 Kxg7 32. Bd3 Qe5 33. Qf2 Ng3 34. Rfe1 Qg5 35. Ra1 Rbb7 36. Qd4+ f6 37. Re6 Re7 38. Rae1 Rxe6 39. dxe6 Re7 40. Qxb6 Qd2 41. Qe3 Qxb4 42. Qxg3 Qc5+ 43. Kh2 f5 44. Qf3 Qd4 45. Qd5 Qf4+ 46. Kh1 Qg3 47. Rf1 h5 48. Qd4+ Kh7 49. Qf6 Rg7 50. e7 Qxd3 51. Re1 1-0